Light (Record no. 15810)

000 -LEADER
fixed length control field 00520nam a22002051 4500
001 - CONTROL NUMBER
control field 15810
003 - CONTROL NUMBER IDENTIFIER
control field BD-DhUET
008 - FIXED-LENGTH DATA ELEMENTS--GENERAL INFORMATION
fixed length control field 921020s1963 enk 000 0 eng d
040 ## - CATALOGING SOURCE
Original cataloging agency DLC
Transcribing agency DLC
Modifying agency BD-DhUET
082 ## - DEWEY DECIMAL CLASSIFICATION NUMBER
Classification number 535
Item number DIT/1963
100 1# - MAIN ENTRY--PERSONAL NAME
Personal name Ditchburn, R. W.
245 10 - TITLE STATEMENT
Title Light
250 ## - EDITION STATEMENT
Edition statement 2nd ed.
260 ## - PUBLICATION, DISTRIBUTION, ETC. (IMPRINT)
Place of publication, distribution, etc. London
Name of publisher, distributor, etc. Blackie & Son
Date of publication, distribution, etc. 1963
300 ## - PHYSICAL DESCRIPTION
Extent xii, 833 p.
Other physical details ill.
490 ## - SERIES STATEMENT
Series statement Titles in the E. L. B. S. Low-Priced textbook series
504 ## - BIBLIOGRAPHY, ETC. NOTE
Bibliography, etc Includes bibliographies
650 #0 - SUBJECT ADDED ENTRY--TOPICAL TERM
Topical term or geographic name as entry element Light
942 ## - ADDED ENTRY ELEMENTS (KOHA)
Koha item type General Book
Holdings
Copy number Koha item type Sublocation or collection (holding branch) Koha normalized classification for sorting Damaged status Koha date last seen Koha full call number Withdrawn status Location (home branch) Not for loan Date acquired Price effective from Shelving location Piece designation (barcode) Source of classification or shelving scheme Lost status
1General BookCentral Library, BUET535_000000000000000_DIT_1963 2015-03-15535/DIT/1963 Central Library, BUET 2015-03-152015-03-15Circulation section13453  
2General BookCentral Library, BUET535_000000000000000_DIT_1963 2015-03-19535/DIT/1963 Central Library, BUET 2015-03-192015-03-19Circulation section13450  
3General BookCentral Library, BUET535_000000000000000_DIT_1963 2015-03-19535/DIT/1963 Central Library, BUET 2015-03-192015-03-19Circulation section20826  
4General BookCentral Library, BUET535_000000000000000_DIT_1963 2015-03-21535/DIT/1963 Central Library, BUET 2015-03-212015-03-21Circulation section16978  
5General BookCentral Library, BUET535_000000000000000_DIT_1963 2015-03-21535/DIT/1963 Central Library, BUET 2015-03-212015-03-21Circulation section13451  
6General BookCentral Library, BUET535_000000000000000_DIT_1963 2015-03-21535/DIT/1963 Central Library, BUET 2015-03-212015-03-21Circulation section20825  
7General BookCentral Library, BUET535_000000000000000_DIT_1963 2015-03-21535/DIT/1963 Central Library, BUET 2015-03-212015-03-21Circulation section5241  
8General BookCentral Library, BUET535_000000000000000_DIT_1963 2015-03-21535/DIT/1963 Central Library, BUET 2015-03-212015-03-21Circulation section13452